Transistor circuit design (Record no. 23504)

000 -LEADER
fixed length control field 00584nam a22002171 4500
001 - CONTROL NUMBER
control field 23504
003 - CONTROL NUMBER IDENTIFIER
control field BD-DhUET
008 - FIXED-LENGTH DATA ELEMENTS--GENERAL INFORMATION
fixed length control field 721219s1963 nyua b 000 0 eng
040 ## - CATALOGING SOURCE
Original cataloging agency DLC
Transcribing agency DLC
Modifying agency BD-DhUET
082 ## - DEWEY DECIMAL CLASSIFICATION NUMBER
Classification number 623.8151
Item number TEX/1963
110 ## - MAIN ENTRY--CORPORATE NAME
Corporate name or jurisdiction name as entry element Texas Instruments Incorporated
245 10 - TITLE STATEMENT
Title Transistor circuit design
250 ## - EDITION STATEMENT
Edition statement 1st ed.
260 ## - PUBLICATION, DISTRIBUTION, ETC. (IMPRINT)
Place of publication, distribution, etc. New York
Name of publisher, distributor, etc. McGraw-Hill
Date of publication, distribution, etc. 1963
300 ## - PHYSICAL DESCRIPTION
Extent xi, 523 p.
Other physical details ill.
Dimensions 26 cm.
504 ## - BIBLIOGRAPHY, ETC. NOTE
Bibliography, etc Includes bibliographies
650 #0 - SUBJECT ADDED ENTRY--TOPICAL TERM
Topical term or geographic name as entry element Transistor : Electronics
700 ## - ADDED ENTRY--PERSONAL NAME
Personal name Walston, Joseph A.
700 ## - ADDED ENTRY--PERSONAL NAME
Personal name Miller, John R.
942 ## - ADDED ENTRY ELEMENTS (KOHA)
Koha item type Corporate Publication
Holdings
Source of classification or shelving scheme Koha normalized classification for sorting Copy number Damaged status Koha item type Sublocation or collection (holding branch) Shelving location Withdrawn status Koha full call number Price effective from Lost status Date acquired Not for loan Koha date last seen Location (home branch) Piece designation (barcode)
 623_815100000000000_TEX_19631 Corporate PublicationCentral Library, BUETCirculation section 623.8151/TEX/1963 2015-05-04 2015-05-04 2015-05-04Central Library, BUET30610
 623_815100000000000_TEX_19632 Corporate PublicationCentral Library, BUETCirculation section 623.8151/TEX/19632015-05-04 2015-05-04 2015-05-04Central Library, BUET30607
 623_815100000000000_TEX_19633 Corporate PublicationCentral Library, BUETCirculation section 623.8151/TEX/1963 2015-05-04 2015-05-04 2015-05-04Central Library, BUET30612
 623_815100000000000_TEX_19634 Corporate PublicationCentral Library, BUETCirculation section 623.8151/TEX/19632015-05-04 2015-05-04 2015-05-04Central Library, BUET30613
 623_815100000000000_TEX_19635 Corporate PublicationCentral Library, BUETCirculation section 623.8151/TEX/1963 2015-05-04 2015-05-04 2015-05-04Central Library, BUET26687
 623_815100000000000_TEX_19636 Corporate PublicationCentral Library, BUETCirculation section 623.8151/TEX/19632015-05-07 2015-05-07 2015-05-07Central Library, BUET30608
 623_815100000000000_TEX_19637 Corporate PublicationCentral Library, BUETCirculation section 623.8151/TEX/19632015-05-07 2015-05-07 2015-05-07Central Library, BUET30606
 623_815100000000000_TEX_19638 Corporate PublicationCentral Library, BUETCirculation section 623.8151/TEX/19632015-05-07 2015-05-07 2015-05-07Central Library, BUET30609
 623_815100000000000_TEX_19639 Corporate PublicationCentral Library, BUETReading section 623.8151/TEX/19632015-06-25 2015-06-25 2015-06-25Central Library, BUET30604
 623_815100000000000_TEX_196310 Corporate PublicationCentral Library, BUETReading section 623.8151/TEX/19632015-06-25 2015-06-25 2015-06-25Central Library, BUET9968
 623_815100000000000_TEX_196311 Corporate PublicationCentral Library, BUETReading section 623.8151/TEX/19632015-06-25 2015-06-25 2015-06-25Central Library, BUET30605